000 00209nam a2200085Ia 4500
245 0 _aThe edge
100 _a SIMMS, Chris London, 2009
_978886
942 _cBK
008 210817s9999 xx 000 0 und d
999 _c273373
_d273371